|
|
|
|
| LEADER |
01091nam a2200241 u 4500 |
| 001 |
10030851 |
| 003 |
GR-PaULI |
| 005 |
20210117210052.0 |
| 008 |
881025s1961 ne eng |
| 952 |
|
|
|0 0
|1 0
|2 ddc
|4 0
|6 Π_Σ_511_350000000000000_GOO
|7 0
|8 NFIC
|9 200314
|a LISP
|b LISP
|c REF
|d 2016-04-24
|i 02099
|l 0
|o Π/Σ 511.35 GOO
|p 025000069342
|r 2016-04-24 00:00:00
|t 1
|v 2016.00
|w 2016-04-24
|y BK15
|
| 999 |
|
|
|c 122743
|d 122743
|
| 040 |
|
|
|a GR-PaULI
|c GR-PaULI
|b gre
|e AACR2
|
| 082 |
|
|
|2 23
|a 511.35
|
| 100 |
1 |
|
|a Goodstein, R. L.
|q (Reuben Louis)
|e συγγραφέας.
|9 154203
|
| 245 |
1 |
0 |
|a Recursive analysis /
|c R. L. Goodstein.
|
| 260 |
|
|
|a Amsterdam :
|b North-Holland,
|c 1961.
|
| 300 |
|
|
|a viii, 138 σ. ;
|c 23 εκ.
|
| 490 |
1 |
|
|a Studies in logic and the foundations of mathematics
|
| 504 |
|
|
|a Περιλαμβάνει βιβλιογραφικές παραπομπές και ευρετήριο.
|
| 650 |
|
4 |
|a Λογική, Συμβολική και μαθηματική
|9 472
|
| 830 |
|
0 |
|9 172249
|a Studies in logic and the foundations of mathematics
|
| 942 |
|
|
|2 ddc
|c BKN
|
| 998 |
|
|
|c ΜΠΟΥΡΑΣ
|d 2019-09
|